Impact of New Technologies in Industry 4.0 on Managing People
Priemysel 4.0 ako éra podpory zavádzania IT do výrobných procesov vedúca k štrukturálnym zmenám v spoločnosti. Dopady nových technológií na podnikanie a riadenie ľudí v priemyselnej ére 4.0. Nové podmienky priemyslu 4.0 v podnikoch. Súčasné poznatky o dôsledkoch technologických inovácií 4.0 na hodno...
Salvato in:
| Autore principale: | |
|---|---|
| Altri autori: | |
| Natura: | Capitolo di libro |
| Lingua: | inglese |
| Soggetti: | |
| Tags: |
Nessun Tag, puoi essere il primo ad aggiungerne!!
|
MARC
| LEADER | 00000naa$a2200000$$$4500 | ||
|---|---|---|---|
| 001 | 0270262 | ||
| 005 | 20240502074231.6 | ||
| 041 | 0 | |a eng | |
| 044 | |a SK | ||
| 245 | 1 | 0 | |a Impact of New Technologies in Industry 4.0 on Managing People |c Jana Blštáková, Jana Palenčárová |
| 520 | |a Priemysel 4.0 ako éra podpory zavádzania IT do výrobných procesov vedúca k štrukturálnym zmenám v spoločnosti. Dopady nových technológií na podnikanie a riadenie ľudí v priemyselnej ére 4.0. Nové podmienky priemyslu 4.0 v podnikoch. Súčasné poznatky o dôsledkoch technologických inovácií 4.0 na hodnotu a procesy súvisiace s podnikaním a kompetenciami ľudí. Prehľad literatúry. | ||
| 610 | 2 | 0 | |a riadenie ľudských zdrojov |
| 610 | 2 | 0 | |a priemysel 4.0 |
| 610 | 2 | 0 | |a technológie nové |
| 610 | 2 | 0 | |a technológie informačné |
| 610 | 2 | 0 | |a schopnosti pracovné |
| 610 | 2 | 0 | |a štruktúra organizačná |
| 610 | 2 | 0 | |a prostredie podnikové |
| 610 | 2 | 0 | |a práca z domu |
| 100 | 1 | |a Blštáková, Jana, 1980- | |
| 700 | 1 | |a Palenčárová, Jana, 1976- | |